| 000 | 00858cam a2200277 i 4500 | ||
|---|---|---|---|
| 999 |
_c200446736 _d64948 |
||
| 003 | TR-AnTOB | ||
| 005 | 20220124100348.0 | ||
| 007 | ta | ||
| 008 | 000629s1997 tu b 00000 tur d | ||
| 040 |
_aHLS _beng _erda _cHLS _dTR-AnTOB |
||
| 041 | _aeng | ||
| 050 | 0 | 0 |
_aHC241.25.T9 _bH |
| 099 | _aEDC 562 TÜR 1997 | ||
| 245 | 0 | 0 | _aTürkiye-Avrupa Birliği bütünleşmesinde menşe kuralları. |
| 264 |
_aİstanbul: _bİktisadi Kalkınma Vakfı, _c1997. |
||
| 300 |
_a52 pages: _c28 cm |
||
| 336 |
_2rdacontent _atext _btxt |
||
| 337 |
_2rdamedia _aunmediated _bn |
||
| 338 |
_2rdacarrier _avolume _bnc |
||
| 490 | 1 |
_aİKV ; _v145. |
|
| 610 | 2 | 4 |
_aAvrupa Ekonomik Topluluğu _zTürkiye. |
| 610 | 2 | 0 |
_aEuropean Economic Community _zTurkey. |
| 830 | 0 |
_aİktisadi Kalkınma Vakfı yayınları ; _vno. 145. |
|
| 942 |
_2lcc _cBK |
||